| 000 | 00481nam a2200181Ia 4500 | ||
|---|---|---|---|
| 003 | GCL | ||
| 008 | 140319s9999 xx 000 0 eng d | ||
| 040 |
_aGCL / _cGCL |
||
| 082 | 0 | 4 |
_a892.7 _bV |
| 100 | 1 | _aMOSCATI, SABATINO | |
| 245 | 1 | 0 |
_aCHI FUROUO I SEMITI ? / _cMOSCATI, SABATINO |
| 700 | 1 | _aMOSCATI, SABATINA | |
| 260 |
_a[S.N] : _bACCADEMIA NAZIONALE DEI LINCEI ، _c1957 |
||
| 300 | _a4 - 51 | ||
| 650 | 0 | 4 | _aLINGUISTICS |
| 650 | 0 | 4 | _aSEMITIC LANGUAGES |
| 942 |
_2ddc _cBK |
||
| 999 |
_c12402 _d12402 |
||